000 00835nam a22002297a 4500
005 20121210121815.0
008 121210t xxu||||| |||| 00| 0 eng d
010 _aENG-106296
020 _a9788184842166
_c1750.00
035 _aEN-89829
037 _bDBAD/PUB
040 _aDPL
_bEng
082 _a362.82920954
100 _954009
_aChawla, Monica
245 _aWomen and protective laws /
_cby Monica Chawla
260 _aNew Delhi
_bRegal Publications
_c2013
270 _aF-159 Rajouri Garden
_bNew Delhi
_e110027
300 _ax,458p.
_c24cm(Hb)
500 _aIncludes bibliographical references and index
942 _2ddc
_cEN
_mCHA
_h362.82920954
999 _c71987
_d71987